• AIU
  • Tony Wilmot Memorial Library

Mgombato : Digo-English-Swahili dictiona. (Record no. 39737)

MARC details
000 -LEADER
fixed length control field 01023nam a22003491a 4500
001 - CONTROL NUMBER
control field 5381024
005 - DATE AND TIME OF LATEST TRANSACTION
control field 20110718133054.0
008 - FIXED-LENGTH DATA ELEMENTS--GENERAL INFORMATION
fixed length control field 060504s2004 ke bd 000 0 eng c
020 ## - INTERNATIONAL STANDARD BOOK NUMBER
International Standard Book Number 9966000666
020 ## - INTERNATIONAL STANDARD BOOK NUMBER
International Standard Book Number 9966000666
029 1# - (OCLC)
OCLC library identifier NLGGC
System control number 296011878
029 1# - (OCLC)
OCLC library identifier OHX
System control number har060063140
035 ## - SYSTEM CONTROL NUMBER
System control number (OCoLC)69223254
035 ## - SYSTEM CONTROL NUMBER
System control number ucoclc69223254
035 ## - SYSTEM CONTROL NUMBER
System control number 5381024
040 ## - CATALOGING SOURCE
Original cataloging agency CSt
Transcribing agency STF
Modifying agency OHX
-- CLU
041 0# - LANGUAGE CODE
Language code of text/sound track or separate title bnt
-- eng
-- swa
042 ## - AUTHENTICATION CODE
Authentication code pcc
049 ## - LOCAL HOLDINGS (OCLC)
Holding library CLUR
Local processing data L0096898598
050 #4 - LIBRARY OF CONGRESS CALL NUMBER
Classification number PL 8130.4.M83 2004
Item number PL 8130.4.M83 2004
245 00 - TITLE STATEMENT
Title Mgombato : Digo-English-Swahili dictiona.
260 ## - PUBLICATION, DISTRIBUTION, ETC. (IMPRINT)
Place of publication, distribution, etc Nairobi :
Name of publisher, distributor, etc BTL in cooperation with,
Date of publication, distribution, etc c2004.
300 ## - PHYSICAL DESCRIPTION
Extent x, 216 p. ; 21 c.
504 ## - BIBLIOGRAPHY, ETC. NOTE
Bibliography, etc Includes bibliographical references (p. 215-216)
650 #0 - SUBJECT ADDED ENTRY--TOPICAL TERM
Topical term or geographic name as entry element Digo language
General subdivision English.
Form subdivision Dictionaries.
650 #0 - SUBJECT ADDED ENTRY--TOPICAL TERM
Topical term or geographic name as entry element Digo language
General subdivision Swahili.
Form subdivision Dictionaries.
700 1# - ADDED ENTRY--PERSONAL NAME
Personal name Mwalonya, Joseph.
710 2# - ADDED ENTRY--CORPORATE NAME
Corporate name or jurisdiction name as entry element Digo Language and Literacy Project.
910 ## - USER-OPTION DATA (OCLC)
User-option data ns 070213
910 ## - USER-OPTION DATA (OCLC)
User-option data MARS
949 ## - LOCAL PROCESSING INFORMATION (OCLC)
a 5381024
Holdings
Withdrawn status Lost status Source of classification or shelving scheme Damaged status Not for loan Collection code Home library Current library Shelving location Date acquired Source of acquisition Cost, normal purchase price Full call number Barcode Date last seen Copy number Price effective from Koha item type
    Library of Congress Classification     Special Collection AIU/NEGST - Tony Wilmot Memorial Library AIU/NEGST - Tony Wilmot Memorial Library Special Collection 02/18/2010 Donation- SIL 20.00 S PL 8130.4.M496 2004 R41821P3232 09/26/2019 1 02/18/2010 Africana Collection (Special)
    Library of Congress Classification     Reference AIU/NEGST - Tony Wilmot Memorial Library AIU/NEGST - Tony Wilmot Memorial Library Reference 09/17/2019     PL 8130.4.M83 2004 R49019K3232 09/26/2019   09/17/2019 Africana collection ( Reference)